Law relating to power of attorney: (Record no. 38256)

MARC details
000 -LEADER
fixed length control field 00866nam a22002177a 4500
005 - DATE AND TIME OF LATEST TRANSACTION
control field 20100730140749.0
010 ## - LCCN (DPL NO)
LC control number ENG-97170
020 ## - INTERNATIONAL STANDARD BOOK NUMBER
International Standard Book Number 9788175348530
Terms of availability 495.00
035 ## - SYSTEM CONTROL NUMBER
System control number EN-80703
037 ## - SOURCE OF ACQUISITION
Source of stock number/acquisition DBAD/PUB
082 ## - DEWEY DECIMAL CLASSIFICATION NUMBER
Classification number 346.73029
100 ## - MAIN ENTRY--PERSONAL NAME
Personal name Parameswaran, S.
245 ## - TITLE STATEMENT
Title Law relating to power of attorney:
Remainder of title with 125 specimen forms of power of attorney /
Statement of responsibility, etc by S. Parameswaran
250 ## - EDITION STATEMENT
Edition statement 4th. ed.
260 ## - PUBLICATION, DISTRIBUTION, ETC. (IMPRINT)
Place of publication, distribution, etc New Delhi
Name of publisher, distributor, etc Universal Law Publishing
Date of publication, distribution, etc 2010
270 ## - ADDRESS
Address C-FF-!A, Dikhush Industrial Estate, (Near Azadpur Metro Station) G. T. Karnal Road
City Delhi
Postal code 110033
300 ## - PHYSICAL DESCRIPTION
Extent lix, 428p.
Dimensions 25cm (Hb)
Accompanying material CD-ROM
500 ## - GENERAL NOTE
General note Includes index
942 ## - ADDED ENTRY ELEMENTS (KOHA)
Source of classification or shelving scheme Dewey Decimal Classification
Item type English Books
Classification part 346.73029
Call number suffix PAR
Holdings
Withdrawn status Lost status Not for loan Collection code Home library Current library Date acquired Source of acquisition Cost, normal purchase price Full call number Barcode Copy number Cost, replacement price Koha item type
    Not For Loan Non-fiction D.B.Act.Division D.B.Act.Division 30/07/2010 DBAD/PUB 495.00 346.73029 PAR EN-80703 1 495.00 English Books

© Delhi Public Library
Hit Counter
free hit counter